00600nam a2200193 a 4500001001300000003000900013005001700022008004100039020001000080082001700090100002200107245008100129260003700210300000900247500003500256505005700291650003600348700002200384nice12345678IN_TiNIC20260116012000.0050524s1972 enga grp 000 0 eng  ac0.400a248.463bDOO aDooren, L A T Van aCome-See the Placeb a Pilgrimage in Thought With the Book to the Land of Ma aEnglandbLatimer Publisherc1972 a109p aincludes index and biblioraphy2 aa visit to the holy land with an open bible in hand. aPilgrims & Pilgrimage-Christian1 aDooren, L A T Van